[Event "7e Festival de Vaujany 2016 - principal"]
[Site "Vaujany "]
[Date "2016.07.17"]
[Round "2.1"]
[White "Bauer, Christian"]
[Black "Chalmeta Ugas, Ramon"]
[Result "1-0"]
[WhiteElo "2621"]
[BlackElo "2249"]
[PlyCount "166"]
[EventDate "2016.??.??"]
[WhiteTeam "C.E. de  Bois-Colombes"]

1. e4 c5 2. Nf3 e6 3. c3 Nf6 4. Bd3 Nc6 5. Bc2 d5 6. e5 Nd7 7. d4 cxd4 8. cxd4
f6 9. exf6 Nxf6 10. Nc3 Bd6 11. O-O O-O 12. Re1 Qb6 13. a3 Bd7 14. Qd3 Rae8 15.
b4 Re7 16. b5 Na5 17. Bg5 Be8 18. Ne5 Rc7 19. Qh3 Bxe5 20. dxe5 Ne4 21. Be3
Rxc3 22. Bxb6 Rxh3 23. Bxa5 Rh5 24. Bb4 Rf7 25. f3 Ng5 26. Rac1 Bxb5 27. Bd1 g6
28. Rc8+ Kg7 29. f4 Ne4 30. Bxh5 gxh5 31. g3 h4 32. Rec1 hxg3 33. R1c7 gxh2+
34. Kxh2 Bc6 35. Kg2 Rxc7 36. Rxc7+ Kg6 37. Kf3 h5 38. Be1 a6 39. Ke3 Kf5 40.
Rf7+ Kg6 41. Re7 Kf5 42. Kd4 Bb5 43. Rf7+ Kg4 44. Ke3 Bc6 45. Rg7+ Kf5 46. Bh4
d4+ 47. Kxd4 Kxf4 48. Be1 Bd5 49. Rf7+ Kg4 50. Ke3 Kg5 51. Rf4 Nc5 52. Bh4+ Kg6
53. Rf6+ Kg7 54. Rf1 Ne4 55. Rc1 Kg6 56. Kf4 Nd2 57. Rg1+ Kf7 58. Bf6 Nc4 59.
Rg7+ Kf8 60. Rc7 Ke8 61. a4 a5 62. Kg5 Nb2 63. Kg6 Nxa4 64. Kg7 b6 65. Re7+ Kd8
66. Rxe6+ Kc7 67. Rd6 Bc4 68. Bd8+ Kb7 69. e6 Bb5 70. Kf8 Ka6 71. e7 h4 72. Rh6
h3 73. Rxh3 Nc5 74. Rh6 Na4 75. Rd6 Kb7 76. e8=Q Bxe8 77. Kxe8 Ka6 78. Kd7 Kb5
79. Kc7 Kc4 80. Kc6 b5 81. Bxa5 (81. Rd5 b4 82. Rxa5 Nc3 83. Bf6 Kd3 84. Rh5
Ne4 85. Be5 b3 86. Rh3+ Kc2 87. Re3 Nd2 88. Rc3+) 81... b4 82. Rh6 b3 83. Rh4+
Kd3 1-0

[Event "7e Festival de Vaujany 2016 - principal"]
[Site "Vaujany"]
[Date "2016.07.17"]
[Round "2.2"]
[White "Gatineau, Yovann"]
[Black "Van Foreest, Jorden"]
[Result "0-1"]
[WhiteElo "2206"]
[BlackElo "2584"]
[PlyCount "62"]
[EventDate "2016.??.??"]

1. d4 d5 2. c4 c6 3. Nc3 Nf6 4. e3 e6 5. Nf3 Nbd7 6. Qc2 b6 7. Bd3 Bb7 8. O-O
Be7 9. b3 O-O 10. Bb2 h6 11. Rad1 Qc7 12. Qe2 dxc4 13. Bxc4 a6 14. e4 b5 15.
Bd3 c5 16. d5 b4 17. Na4 exd5 18. exd5 Nxd5 19. Bc4 N7f6 20. Nh4 Rfe8 21. Qd3
Rad8 22. Nf5 Bf8 23. Qf3 Nc3 24. Nxh6+ gxh6 25. Qxf6 Rxd1 26. Rxd1 Bg7 27. Qg6
Kf8 28. Qg4 Re4 29. Qf5 Re5 30. Rd8+ Ke7 31. Qxf7+ Kxd8 0-1

[Event "7e Festival de Vaujany 2016 - principal"]
[Site "Vaujany "]
[Date "2016.07.17"]
[Round "2.3"]
[White "Chatalbashev, Boris"]
[Black "Juhasz, Barbara"]
[Result "1-0"]
[WhiteElo "2545"]
[BlackElo "2179"]
[PlyCount "81"]
[EventDate "2016.??.??"]
[WhiteTeam "Tour Prends Garde! Besancon"]

1. d4 g6 2. e4 Bg7 3. Nc3 d6 4. Nf3 a6 5. a4 b6 6. Bc4 e6 7. O-O Bb7 8. Re1 Ne7
9. Bf4 Nd7 10. Qd2 O-O 11. Rad1 d5 12. exd5 Nxd5 13. Bg5 N7f6 14. Bxd5 Bxd5 15.
Ne5 Qd6 16. Bf4 Qd8 17. Bh6 Bb7 18. Bxg7 Kxg7 19. Re3 h5 20. Rg3 h4 21. Rh3 Ne4
22. Nxe4 Bxe4 23. Re1 Bf5 24. g4 hxg3 25. Qh6+ Kf6 26. Qh4+ Kg7 27. Qh7+ Kf6
28. Rxg3 Qe8 29. Ng4+ Bxg4 30. Rxg4 Qc6 31. Re3 Rae8 32. Rc3 Qd6 33. Rxg6+ fxg6
34. Rf3+ Kg5 35. Rg3+ Qxg3+ 36. hxg3 Kf6 37. Qxc7 Rb8 38. c4 a5 39. g4 Rfc8 40.
Qe5+ Kf7 41. g5 1-0

[Event "7e Festival de Vaujany 2016 - principal"]
[Site "Vaujany"]
[Date "2016.07.17"]
[Round "2.4"]
[White "Gaborit, Jeanne-Pierre"]
[Black "Mihok, Oliver"]
[Result "0-1"]
[WhiteElo "2182"]
[BlackElo "2509"]
[PlyCount "92"]
[EventDate "2016.??.??"]

1. d4 g6 2. c4 Bg7 3. Nc3 c5 4. d5 Bxc3+ 5. bxc3 Qa5 6. Qc2 f5 7. e4 d6 8. exf5
Bxf5 9. Bd3 Bxd3 10. Qxd3 Nd7 11. Nf3 Qa6 12. Bg5 O-O-O 13. O-O h6 14. Bh4 g5
15. Bg3 Ngf6 16. Rfb1 Nb6 17. Nd2 Rd7 18. Rb5 Qa4 19. Rb2 Rg8 20. Qc2 Qxc2 21.
Rxc2 Na4 22. Rb1 a6 23. Rb3 b5 24. Ra3 Kb7 25. Rc1 Ra8 26. Rb1 Kc8 27. h4 Rb7
28. hxg5 hxg5 29. f4 Nh5 30. Bh2 gxf4 31. cxb5 axb5 32. c4 bxc4 33. Rxb7 Kxb7
34. Nxc4 Nf6 35. Bxf4 Nxd5 36. Bd2 Ndb6 37. Nxb6 Kxb6 38. g4 c4 39. g5 Kb5 40.
g6 c3 41. Bxc3 Rg8 42. Kf2 Nxc3 43. Rxc3 Rxg6 44. Rc7 Re6 45. Kf3 d5 46. Rc2
Re4 0-1

[Event "7e Festival de Vaujany 2016 - principal"]
[Site "Vaujany "]
[Date "2016.07.17"]
[Round "2.5"]
[White "Horvath, Jozsef"]
[Black "Vanheirzeele, Daniel"]
[Result "1-0"]
[WhiteElo "2507"]
[BlackElo "2142"]
[PlyCount "77"]
[EventDate "2016.??.??"]
[WhiteTeam "Echiquier Orangeois"]
[BlackTeam "A.J.E. Noyon"]

1. g3 c5 2. Bg2 Nc6 3. Nf3 g6 4. c3 e5 5. d3 Bg7 6. O-O Nge7 7. e4 O-O 8. a3 d6
9. b4 a6 10. Be3 b6 11. Nbd2 h6 12. Nh4 cxb4 13. axb4 d5 14. exd5 Nxd5 15. Bxd5
Qxd5 16. Nc4 Rb8 17. Nxb6 Rxb6 18. Bxb6 Bb7 19. f3 Ne7 20. Bc5 Re8 21. Ng2 f5
22. Qa4 Qf7 23. Qd7 Nd5 24. Qxf7+ Kxf7 25. c4 Nc7 26. Ra5 Ne6 27. Be3 f4 28.
Bb6 Ng5 29. Ne1 Kg8 30. g4 Ne6 31. Kf2 Bf6 32. Ke2 Bh4 33. Kd2 Bxe1+ 34. Kxe1
Nd4 35. Bxd4 exd4+ 36. Kd2 Re3 37. Rf2 Bxf3 38. Rxa6 Bxg4 39. Rxg6+ 1-0

[Event "7e Festival de Vaujany 2016 - principal"]
[Site "Vaujany"]
[Date "2016.07.17"]
[Round "2.6"]
[White "David, Bogdan"]
[Black "Drozdowski, Kacper"]
[Result "0-1"]
[WhiteElo "2161"]
[BlackElo "2490"]
[PlyCount "64"]
[EventDate "2016.??.??"]

1. e4 c5 2. Nf3 e6 3. d4 cxd4 4. Nxd4 a6 5. Bd3 Nf6 6. O-O d6 7. Qe2 Nbd7 8.
Kh1 Nc5 9. f4 Be7 10. Nc3 Nxd3 11. cxd3 O-O 12. Bd2 Qd7 13. g4 b5 14. f5 b4 15.
Nd1 e5 16. Nc2 a5 17. Nce3 Ba6 18. Nc4 Nxe4 19. dxe4 d5 20. Nb6 Bxe2 21. Nxd7
Bxf1 22. Nxf8 Kxf8 23. Ne3 Bd3 24. exd5 Be4+ 25. Kg1 Bc5 26. Kf1 Bd4 27. Rc1
Bxb2 28. Rc5 Bd4 29. Rc7 Rd8 30. Nc4 Bd3+ 31. Ke1 Bxc4 32. Rxc4 Rxd5 0-1

[Event "7e Festival de Vaujany 2016 - principal"]
[Site "Vaujany "]
[Date "2016.07.17"]
[Round "2.7"]
[White "Brunner, Nicolas"]
[Black "Mihok, Laszlo"]
[Result "1-0"]
[WhiteElo "2443"]
[BlackElo "2096"]
[PlyCount "63"]
[EventDate "2016.??.??"]
[WhiteTeam "Vandoeuvre-Echecs"]

1. d4 d5 2. c4 c6 3. Nf3 Nf6 4. Nc3 dxc4 5. a4 Bf5 6. Ne5 Nbd7 7. Nxc4 Nb6 8.
Ne5 a5 9. e3 e6 10. g4 Bg6 11. h4 Ne4 12. h5 Nxc3 13. Qf3 Qf6 14. hxg6 Qxf3 15.
Nxf3 Bb4 16. Bd2 Ncxa4 17. Bxb4 axb4 18. b3 Nc3 19. Rxa8+ Nxa8 20. Rxh7 O-O 21.
Ne5 fxg6 22. Nxg6 Re8 23. Rh3 Nc7 24. Bd3 Ra8 25. Kf1 N3d5 26. g5 Re8 27. Ne5
Ra8 28. Ng6 Nb6 29. Rf3 Re8 30. Ne5 Nc8 31. Bg6 Rd8 32. Bf7+ 1-0

[Event "7e Festival de Vaujany 2016 - principal"]
[Site "Vaujany "]
[Date "2016.07.17"]
[Round "2.8"]
[White "Bandet, Raphael"]
[Black "Valles, Manuel"]
[Result "0-1"]
[WhiteElo "2156"]
[BlackElo "2397"]
[PlyCount "76"]
[EventDate "2016.??.??"]
[WhiteTeam "Echiquier Grenoblois"]
[BlackTeam "Echiquier Centre Vaucluse "]

1. e4 e5 2. Nf3 Nc6 3. Bc4 Nf6 4. d3 Be7 5. O-O O-O 6. Re1 d6 7. c3 Na5 8. Bb5
a6 9. Ba4 b5 10. Bc2 c5 11. d4 exd4 12. cxd4 Bg4 13. h3 Bxf3 14. Qxf3 cxd4 15.
b3 Rc8 16. Bd3 Nd7 17. Bb2 Nc6 18. Qe2 Nc5 19. Nd2 Bf6 20. a3 Bg5 21. Nf3 Nxb3
22. Rad1 Bf6 23. Bc2 Nc5 24. Nxd4 Nxd4 25. Bxd4 Bxd4 26. Rxd4 Ne6 27. Rd2 Rc3
28. Qg4 Qa5 29. Red1 Qxa3 30. Bb1 Rc1 31. Ba2 Rxd1+ 32. Qxd1 Nc5 33. e5 Ne4 34.
exd6 Nxd2 35. Qxd2 Rd8 36. Bxf7+ Kxf7 37. Qd5+ Kf6 38. d7 Qa1+ 0-1

[Event "7e Festival de Vaujany 2016 - principal"]
[Site "Vaujany"]
[Date "2016.07.17"]
[Round "2.9"]
[White "Skomorokhin, Roman"]
[Black "Jognery, Lionel"]
[Result "1-0"]
[WhiteElo "2396"]
[BlackElo "1960"]
[PlyCount "75"]
[EventDate "2016.??.??"]

1. d4 d5 2. c4 e6 3. Nc3 Nf6 4. cxd5 exd5 5. Bg5 c6 6. e3 Bf5 7. Qf3 Bg6 8.
Bxf6 Qxf6 9. Qxf6 gxf6 10. Nge2 Bd6 11. Ng3 Nd7 12. Rc1 h5 13. h4 Bxg3 14. fxg3
Ke7 15. Be2 Bf5 16. O-O Be6 17. Kh2 Rag8 18. b4 Bg4 19. Bd3 Rg7 20. b5 Rhg8 21.
bxc6 bxc6 22. e4 Be6 23. exd5 cxd5 24. Ne2 Kd6 25. Bb5 Rb8 26. Rc6+ Ke7 27. a4
Rb6 28. Nf4 a6 29. Rxb6 Nxb6 30. Bxa6 Nxa4 31. Rc1 Rg4 32. Bb5 Nb6 33. Rc7+ Kd8
34. Rc6 Nc4 35. Bxc4 dxc4 36. d5 Bc8 37. Rxc4 Bb7 38. d6 1-0

[Event "7e Festival de Vaujany 2016 - principal"]
[Site "Vaujany"]
[Date "2016.07.17"]
[Round "2.10"]
[White "Joie, Sebastien"]
[Black "Bergero, Simone"]
[Result "1-0"]
[WhiteElo "2387"]
[BlackElo "1916"]
[PlyCount "73"]
[EventDate "2016.??.??"]

1. Nf3 Nf6 2. g3 d5 3. Bg2 e6 4. O-O c5 5. c4 Nc6 6. d4 Be7 7. cxd5 Nxd5 8.
dxc5 Bxc5 9. Qc2 Bb6 10. Rd1 Qe7 11. e4 Nc7 12. b3 O-O 13. Ba3 Nb4 14. Qe2 Bc5
15. Nc3 b6 16. Qb2 Bd7 17. Ne5 Be8 18. Rac1 Nb5 19. Na4 Bd6 20. Nc4 Bc7 21. e5
Nxa3 22. Qxa3 Bc6 23. Bxc6 Nxc6 24. Qxe7 Nxe7 25. Rd7 Nd5 26. Nc3 Rfd8 27.
Rxd8+ Rxd8 28. Nb5 Bb8 29. a4 Ne7 30. Ncd6 Bxd6 31. exd6 Nf5 32. g4 Nh6 33.
Nxa7 Nxg4 34. Rc8 Rxc8 35. Nxc8 Nf6 36. Nxb6 Kf8 37. a5 1-0

[Event "7e Festival de Vaujany 2016 - principal"]
[Site "Vaujany"]
[Date "2016.07.17"]
[Round "2.11"]
[White "Houard, Sebastien"]
[Black "Midoux, Sebastien"]
[Result "0-1"]
[WhiteElo "2133"]
[BlackElo "2343"]
[PlyCount "160"]
[EventDate "2016.??.??"]

1. e4 c5 2. Nc3 a6 3. a4 e6 4. Bc4 Nc6 5. d3 Nf6 6. Bg5 Be7 7. f4 d5 8. exd5
Nxd5 9. Bxe7 Ncxe7 10. Bxd5 exd5 11. Nf3 d4 12. Ne4 Nd5 13. O-O Ne3 14. Qe2
Nxf1 15. Rxf1 O-O 16. Nxc5 Bg4 17. Nb3 Re8 18. Qd2 Bxf3 19. Rxf3 Qh4 20. g3 Qg4
21. Kg2 Qd7 22. f5 Re3 23. Rf4 Qc6+ 24. Kh3 Qh6+ 25. Kg2 Qc6+ 26. Kh3 Rae8 27.
Nxd4 Qh6+ 28. Kg2 Qh5 29. Rf2 Re1 30. Qf4 Qd1 31. f6 Rg1+ 32. Kh3 Qh5+ 33. Qh4
Qxh4+ 34. Kxh4 g6 35. b3 Rge1 36. Kg4 R1e5 37. Rf4 h5+ 38. Kf3 g5 39. Rf5 Kh7
40. g4 hxg4+ 41. Kxg4 Kg6 42. Rf2 Rh8 43. Kg3 Rh4 44. Nf3 Re3 45. h3 Kxf6 46.
Kg2 Rf4 47. d4 Kf5 48. d5 Kf6 49. d6 g4 50. hxg4 Rxg4+ 51. Kf1 Ke6 52. Nd2 b5
53. axb5 axb5 54. c4 Reg3 55. Re2+ Kxd6 56. Ne4+ Rxe4 57. Rxe4 b4 58. Rf4 Rxb3
59. Ke2 Ke6 60. c5 Kd5 61. c6 Kxc6 62. Rxf7 Rc3 63. Kd2 Kb5 64. Rb7+ Kc4 65.
Rc7+ Kb3 66. Ra7 Kb2 67. Rb7 b3 68. Rb8 Rc5 69. Kd3 Rc7 70. Rh8 Rc3+ 71. Kd2
Rc2+ 72. Kd1 Rc5 73. Rb8 Rd5+ 74. Ke2 Kc2 75. Rc8+ Kb1 76. Rb8 b2 77. Rb7 Ka2
78. Ra7+ Kb3 79. Rb7+ Ka3 80. Rb8 Rd4 0-1

[Event "7e Festival de Vaujany 2016 - principal"]
[Site "Vaujany"]
[Date "2016.07.17"]
[Round "2.12"]
[White "Borderie, David"]
[Black "Viennot, Dylan"]
[Result "0-1"]
[WhiteElo "1845"]
[BlackElo "2331"]
[PlyCount "64"]
[EventDate "2016.??.??"]

1. Nf3 d5 2. c4 d4 3. b4 f6 4. Bb2 e5 5. Qb3 c5 6. bxc5 Nc6 7. d3 Bxc5 8. Nbd2
Nge7 9. g3 Bg4 10. Bg2 Bb4 11. Qc2 Qd7 12. O-O Bh3 13. e3 dxe3 14. fxe3 Bxg2
15. Kxg2 O-O-O 16. d4 Nf5 17. Qd3 exd4 18. exd4 Bxd2 19. Qxd2 Nfxd4 20. Nxd4
Nxd4 21. Qf2 Rhe8 22. Bxd4 Qxd4 23. Qf5+ Qd7 24. Qf3 Qd2+ 25. Rf2 Qd4 26. Rb1
Qe4 27. Qxe4 Rxe4 28. Rc2 Red4 29. Rbb2 Kc7 30. Re2 Kc6 31. c5 R8d7 32. Rec2
R4d5 0-1

[Event "7e Festival de Vaujany 2016 - principal"]
[Site "Vaujany"]
[Date "2016.07.17"]
[Round "2.13"]
[White "Le Corre, Benjamin"]
[Black "Strohl, Antoine"]
[Result "1/2-1/2"]
[WhiteElo "2323"]
[BlackElo "1913"]
[PlyCount "65"]
[EventDate "2016.??.??"]

1. e4 c5 2. Na3 Nc6 3. Bb5 d6 4. Nc4 Bd7 5. Nf3 a6 6. Bxc6 Bxc6 7. d3 b5 8. Ne3
g6 9. Bd2 Bg7 10. Bc3 Nf6 11. e5 Nd5 12. Nxd5 Bxd5 13. exd6 Bxc3+ 14. bxc3 Qxd6
15. O-O Qf6 16. Re1 Bxf3 17. Qxf3 Qxf3 18. gxf3 e6 19. Kg2 Ke7 20. Re4 Rab8 21.
a3 Rhd8 22. Kf1 Rd5 23. Rh4 h5 24. Rb1 Rf5 25. Ke2 Re5+ 26. Re4 Kd6 27. h4 Rd5
28. f4 Kc6 29. Ke3 Rb7 30. Ra1 Rdd7 31. Rb1 Rd5 32. Ra1 Rdd7 33. Rb1 1/2-1/2

[Event "7e Festival de Vaujany 2016 - principal"]
[Site "Vaujany"]
[Date "2016.07.17"]
[Round "2.14"]
[White "Van Foreest, Machteld"]
[Black "Rooze, Jan"]
[Result "0-1"]
[WhiteElo "1708"]
[BlackElo "2322"]
[PlyCount "74"]
[EventDate "2016.??.??"]

1. e4 g6 2. d4 Bg7 3. Nc3 d6 4. Nf3 Nf6 5. Bc4 O-O 6. Be3 c6 7. h3 b5 8. Bd3 b4
9. Ne2 a5 10. O-O Bb7 11. Ng3 Nbd7 12. Qd2 c5 13. c3 Qb8 14. d5 Nb6 15. cxb4
axb4 16. b3 Nfd7 17. Bh6 Nf6 18. Bxg7 Kxg7 19. Qg5 Bc8 20. Nh4 Kh8 21. f4 Ba6
22. Bxa6 Rxa6 23. Qh6 Rg8 24. Nf3 Qf8 25. Qxf8 Rxf8 26. Nd2 Rfa8 27. Rfd1 Rxa2
28. Rxa2 Rxa2 29. Ngf1 e6 30. dxe6 fxe6 31. Rc1 Nfd7 32. Nc4 Nxc4 33. bxc4 Nb6
34. h4 b3 35. Rb1 b2 36. Nd2 Ra1 37. Kf2 Nxc4 0-1

[Event "7e Festival de Vaujany 2016 - principal"]
[Site "Vaujany"]
[Date "2016.07.17"]
[Round "2.15"]
[White "Hodot, Yves"]
[Black "Di Nicolantonio, Lucas"]
[Result "0-1"]
[WhiteElo "1858"]
[BlackElo "2393"]
[PlyCount "70"]
[EventDate "2016.??.??"]

1. e4 c5 2. Nc3 Nc6 3. Nf3 d6 4. Bb5 e5 5. O-O g6 6. a3 Bg7 7. b4 cxb4 8. axb4
Nge7 9. Ne2 O-O 10. c3 d5 11. d3 h6 12. Ba3 a6 13. Ba4 b5 14. Bb3 Kh7 15. Qc2
f5 16. Nd2 Bb7 17. Qa2 dxe4 18. dxe4 Qb6 19. Kh1 Rad8 20. c4 Rd3 21. c5 Qd8 22.
Rad1 a5 23. Nc1 Rd4 24. Nf3 fxe4 25. Nxd4 exd4 26. bxa5 Qxa5 27. Bb2 Qc7 28.
Qb1 Ne5 29. Rxd4 Ng4 30. Rd6 Qxc5 31. Bxg7 Qxd6 32. g3 e3+ 33. f3 Rxf3 34. Rxf3
Bxf3+ 35. Kg1 Qd2 0-1

[Event "7e Festival de Vaujany 2016 - principal"]
[Site "Vaujany"]
[Date "2016.07.17"]
[Round "2.16"]
[White "Boghossian, Pierre"]
[Black "Dudugnon, Thibault"]
[Result "0-1"]
[WhiteElo "1973"]
[BlackElo "2158"]
[PlyCount "94"]
[EventDate "2016.??.??"]

1. e4 d5 2. exd5 Qxd5 3. Nf3 Nf6 4. Be2 Bg4 5. O-O e6 6. d4 c6 7. Bf4 Be7 8. c4
Qd8 9. Nc3 O-O 10. h3 Bh5 11. a3 Nbd7 12. c5 Re8 13. Bh2 Bg6 14. Nd2 Nd5 15.
Nc4 b5 16. Nxd5 exd5 17. Nd6 Bxd6 18. Bxd6 Qg5 19. Kh1 Be4 20. f3 Bf5 21. g4
Bg6 22. f4 Be4+ 23. Kh2 Qd8 24. f5 a5 25. Qd2 h6 26. Rae1 Ra7 27. Qf4 Qh4 28.
Qd2 a4 29. Bg3 Qd8 30. Bd6 Qa5 31. Qf4 Bd3 32. Qf2 Bxe2 33. Rxe2 Rxe2 34. Qxe2
Nf6 35. Re1 Ne4 36. Bf4 Qd8 37. Qf3 Rb7 38. Be5 f6 39. Bf4 b4 40. Rxe4 dxe4 41.
Qxe4 bxa3 42. bxa3 Re7 43. Qxc6 Qxd4 44. Kg3 Re2 45. Qf3 Rc2 46. Be3 Qe5+ 47.
Kh4 Rc3 0-1

[Event "7e Festival de Vaujany 2016 - principal"]
[Site "?"]
[Date "2016.07.17"]
[Round "2.17"]
[White "Degardin, Sylvain"]
[Black "Kutchoukov, Daniel"]
[Result "1-0"]
[WhiteElo "2101"]
[BlackElo "1778"]
[PlyCount "61"]

1. e4 c6 2. d4 d5 3. Nc3 dxe4 4. Nxe4 Nf6 5. Nxf6+ gxf6 6. Nf3 Bg4 7. Be2 e6 8.
O-O Bd6 9. Nh4 f5 10. g3 Bh3 11. Ng2 Nd7 12. Re1 Bxg2 13. Kxg2 Qf6 14. c4 O-O-O
15. Qa4 Bb8 16. c5 e5 17. dxe5 Nxe5 18. Bf4 Ng6 19. Bxb8 Kxb8 20. Qc2 f4 21.
Kg1 h5 22. Rad1 h4 23. Rxd8+ Rxd8 24. Rd1 Re8 25. Qd2 h3 26. Bf1 Ne5 27. Qxf4
Qxf4 28. gxf4 Rg8+ 29. Kh1 Ng4 30. Rd2 Rh8 31. Kg1 1-0

[Event "7e Festival de Vaujany 2016 - principal"]
[Site "?"]
[Date "2016.07.17"]
[Round "2.18"]
[White "Drozdowski, Konrad"]
[Black "Williams, Johann"]
[Result "1/2-1/2"]
[WhiteElo "2088"]
[BlackElo "1837"]
[PlyCount "98"]

1. e4 e6 2. d4 d5 3. Nc3 Nf6 4. Bg5 dxe4 5. Nxe4 Be7 6. Bxf6 Bxf6 7. Nxf6+ Qxf6
8. Nf3 O-O 9. c3 c5 10. Be2 Rd8 11. Qc1 cxd4 12. Nxd4 e5 13. Nb5 Nc6 14. O-O
Bf5 15. Qe3 a6 16. Na3 b5 17. f4 Qe6 18. Rfe1 Re8 19. Bf3 e4 20. Bd1 Rad8 21.
Bb3 Qg6 22. Rad1 Rxd1 23. Rxd1 h5 24. Nc2 Bg4 25. Rd2 Ne7 26. Nd4 Nf5 27. Nxf5
Bxf5 28. Bd5 Kh7 29. Rd4 Re7 30. Bb3 Qb6 31. Kf2 Qg6 32. Bc2 Qc6 33. a4 Bg6 34.
Ke1 f5 35. axb5 axb5 36. Bd1 Rd7 37. Be2 Rxd4 38. Qxd4 Qa6 39. Kf2 Qa1 40. b4
Qc1 41. Qe3 Qc2 42. Kg3 Be8 43. Kh4 Qa2 44. g3 Qe6 45. Kh3 Qd5 46. Kg2 Qa2 47.
Kh3 Qe6 48. Kg2 Qa2 49. Kh3 Qe6 1/2-1/2

[Event "7e Festival de Vaujany 2016 - principal"]
[Site "?"]
[Date "2016.07.17"]
[Round "2.19"]
[White "Meunier, Clement"]
[Black "Ferriz, Simon"]
[Result "1/2-1/2"]
[WhiteElo "2338"]
[BlackElo "1969"]
[PlyCount "95"]

1. e4 c5 2. Nf3 g6 3. b4 Bg7 4. c3 cxb4 5. d4 d5 6. e5 a6 7. cxb4 Nc6 8. a3 Bg4
9. Be3 e6 10. Nc3 Nge7 11. Bd3 Rc8 12. Rc1 O-O 13. h3 Bxf3 14. Qxf3 Nxe5 15.
dxe5 d4 16. O-O dxe3 17. Qxe3 Rxc3 18. Rxc3 Nd5 19. Qd4 Nxc3 20. Qxc3 Bxe5 21.
Qc2 Qc7 22. Qxc7 Bxc7 23. Be4 Rb8 24. Rd1 b6 25. Rd7 Bd8 26. Kf1 a5 27. b5 Bf6
28. Ke2 Rd8 29. Rxd8+ Bxd8 30. Bd3 Be7 31. a4 Kg7 32. Bc4 e5 33. Ke3 f5 34. f3
h6 35. Bb3 Kf6 36. Bc2 g5 37. g4 fxg4 38. hxg4 Bc5+ 39. Ke4 Bg1 40. Kd5 Bc5 41.
Kc6 Bg1 42. Kd7 Bc5 43. Ke8 Bb4 44. Be4 Bc5 45. Kd8 Bg1 46. Kd7 Bc5 47. Ke8 Bb4
48. Kd7 1/2-1/2

[Event "7e Festival de Vaujany 2016 - principal"]
[Site "?"]
[Date "2016.07.17"]
[Round "2.20"]
[White "Favarel, Camille"]
[Black "Mathieu, Olivier"]
[Result "1-0"]
[WhiteElo "2256"]
[BlackElo "1969"]
[PlyCount "49"]

1. d4 Nf6 2. Nf3 e6 3. Bf4 d5 4. e3 c5 5. c3 Bd6 6. Bg3 Nc6 7. Nbd2 O-O 8. Bd3
b6 9. Ne5 Bxe5 10. dxe5 Nd7 11. Nf3 f5 12. exf6 Qxf6 13. Qc2 g6 14. O-O-O e5
15. Bb5 e4 16. Rxd5 exf3 17. Rd6 fxg2 18. Rg1 Qe7 19. Bxc6 Ne5 20. Bd5+ Nf7 21.
Rxg6+ Kh8 22. Bxa8 Ne5 23. Bxe5+ Qxe5 24. R6xg2 Bf5 25. e4 1-0

[Event "7e Festival de Vaujany 2016 - principal"]
[Site "Vaujany "]
[Date "2016.07.17"]
[Round "2.21"]
[White "Bluhm, Sonja Maria"]
[Black "Zenere, Gabriele"]
[Result "1-0"]
[WhiteElo "2229"]
[BlackElo "1931"]
[PlyCount "51"]
[EventDate "2016.??.??"]

1. e4 c5 2. Nc3 Nc6 3. Bb5 g6 4. Bxc6 dxc6 5. d3 Bg7 6. f4 e5 7. Nf3 Bg4 8. O-O
Ne7 9. Qe1 Bxf3 10. Rxf3 Qd6 11. Qh4 f6 12. fxe5 Qxe5 13. Qh3 Rd8 14. Bf4 Qd4+
15. Be3 Qd6 16. Raf1 O-O 17. Qh4 Rf7 18. Kh1 b6 19. Nd1 Rdf8 20. Rh3 Bh8 21.
Bh6 Re8 22. Ne3 Qd4 23. Ng4 g5 24. Bxg5 fxg5 25. Nh6+ Kg7 26. Rxf7+ 1-0

[Event "7e Festival de Vaujany 2016 - principal"]
[Site "?"]
[Date "2016.07.17"]
[Round "2.22"]
[White "Geher, Koppany"]
[Black "Zachary, Matheo"]
[Result "0-1"]
[WhiteElo "1931"]
[BlackElo "2130"]
[PlyCount "104"]

1. e4 c5 2. Nf3 Nc6 3. d4 cxd4 4. Nxd4 e5 5. Nb5 d6 6. N1c3 a6 7. Na3 b5 8. Nd5
Nge7 9. c4 Nd4 10. Bd3 Nxd5 11. cxd5 Be7 12. O-O O-O 13. Be3 f5 14. Bxd4 exd4
15. exf5 Bxf5 16. Nc2 Bxd3 17. Qxd3 Bf6 18. Nxd4 Qb6 19. Ne6 Rfc8 20. Rae1 Rc4
21. b3 Rc3 22. Qf5 Rac8 23. g3 Rc2 24. Kg2 Qb7 25. a4 Be5 26. Nf4 R2c5 27. Qe6+
Kh8 28. Re4 g6 29. Rd1 Rf8 30. Nh3 Rc2 31. axb5 axb5 32. Kg1 Qa7 33. Rxe5 dxe5
34. Qxe5+ Qg7 35. Qxg7+ Kxg7 36. Ng5 Rfxf2 37. d6 Rg2+ 38. Kf1 Rxh2 39. Nf3
Rcf2+ 40. Ke1 Rh1+ 41. Kxf2 Rxd1 42. Ke3 Rxd6 43. Nd4 b4 44. Kd3 h5 45. Kc4
Rxd4+ 46. Kxd4 Kf6 47. Ke4 g5 48. Kf3 Ke5 49. Ke3 h4 50. g4 h3 51. Kf3 Kd4 52.
Kg3 Kc3 0-1

[Event "7e Festival de Vaujany 2016 - principal"]
[Site "?"]
[Date "2016.07.17"]
[Round "2.23"]
[White "Skomorokhina, Ekaterina"]
[Black "Soyer, Jean-Yves"]
[Result "1-0"]
[WhiteElo "1919"]
[BlackElo "2073"]
[PlyCount "80"]

1. d4 Nf6 2. Bf4 g6 3. e3 d6 4. h3 Bg7 5. Nf3 O-O 6. c4 c5 7. Nc3 cxd4 8. exd4
d5 9. c5 Nc6 10. Be2 Ne4 11. Rc1 b6 12. cxb6 Nxc3 13. Rxc3 Qxb6 14. Be3 Bd7 15.
Qd2 Rfc8 16. O-O a5 17. Rfc1 e6 18. Bf1 Rab8 19. b3 Bf8 20. Ne5 Nxe5 21. dxe5
Qb4 22. Rxc8 Rxc8 23. Rxc8 Bxc8 24. Qxb4 axb4 25. Bb5 f6 26. f4 Kf7 27. Kf2 h5
28. Bd4 fxe5 29. fxe5 Bb7 30. Ke3 g5 31. g3 Bc8 32. Kd3 Kg6 33. Ke3 h4 34. gxh4
gxh4 35. Kf4 Be7 36. Kg4 Bb7 37. Bf2 d4 38. Bd3+ Kf7 39. Bxd4 Bd5 40. Bf2 Bf8
1-0

[Event "7e Festival de Vaujany 2016 - principal"]
[Site "?"]
[Date "2016.07.17"]
[Round "2.28"]
[White "Schmitt, Gregory"]
[Black "Lebon, Nicolas"]
[Result "1-0"]
[WhiteElo "1987"]
[BlackElo "1854"]
[PlyCount "43"]

1. b3 Nf6 2. Bb2 d5 3. e3 e6 4. Nf3 Bd6 5. c4 b6 6. Be2 Bb7 7. O-O Nbd7 8. d4
O-O 9. Nbd2 Ne4 10. Rc1 f5 11. Ne5 Rf6 12. Nxe4 fxe4 13. f4 exf3 14. Bxf3 Bxe5
15. dxe5 Rg6 16. cxd5 Qg5 17. Qd4 Rf8 18. g3 Rxf3 19. Rxf3 Bxd5 20. e4 c5 21.
Qa4 Bxe4 22. Qxe4 1-0

[Event "7e Festival de Vaujany 2016 - principal"]
[Site "Vaujany"]
[Date "2016.07.18"]
[Round "3.1"]
[White "Valles, Manuel"]
[Black "Bauer, Christian"]
[Result "1/2-1/2"]
[WhiteElo "2397"]
[BlackElo "2621"]
[PlyCount "148"]
[EventDate "2016.??.??"]

1. d4 e6 2. c4 Nf6 3. Nf3 Bb4+ 4. Nbd2 O-O 5. a3 Be7 6. e4 d6 7. b4 e5 8. Bb2
a5 9. Be2 exd4 10. Nxd4 Nfd7 11. O-O Bf6 12. Qb3 Re8 13. f4 Nf8 14. Rad1 axb4
15. axb4 Bd7 16. Nb5 Bxb2 17. Qxb2 Nc6 18. Ra1 Rxa1 19. Rxa1 Ne7 20. Bf1 Neg6
21. g3 h5 22. Qd4 h4 23. Ra7 Qc8 24. Nc3 Nh7 25. b5 Nhf8 26. Qf2 hxg3 27. hxg3
Qb8 28. Ra1 c6 29. Qb6 Ne7 30. Nf3 Bg4 31. Nh2 Be6 32. Nf3 Bg4 33. Nh2 Be6 34.
Nf3 Nd7 35. Qf2 Bg4 36. Nh2 Nf6 37. Re1 Be6 38. f5 Bd7 39. g4 Nh7 40. Nf3 cxb5
41. Qh4 Qa7+ 42. Kg2 b4 43. Nd1 Qa1 44. Nf2 Qc3 45. Bd3 g5 46. Nxg5 Nxg5 47.
Qxg5+ Qg7 48. Qd2 Bc6 49. Qf4 Qe5 50. Qh6 Qg7 51. Qf4 Qe5 52. Qh6 Qg7 53. Qxg7+
Kxg7 54. Rb1 Kf6 55. Kf3 Ke5 56. Ke3 Kf6 57. Kf4 Rg8 58. Rxb4 Nc8 59. Rb1 Na7
60. Nh3 Ke7 61. g5 Nc8 62. Ng1 Rh8 63. Nf3 Kd7 64. f6 Kc7 65. Nd4 Bd7 66. Nb3
Na7 67. Ra1 Nc6 68. Be2 Ne5 69. Nd4 Ng6+ 70. Ke3 Rh3+ 71. Kf2 Rh2+ 72. Ke3 Rh3+
73. Kf2 Rh2+ 74. Ke3 Rh3+ 1/2-1/2